000 00413nam a22001697a 4500
005 20180718151459.0
008 160525b xxu||||| |||| 00| 0 eng d
020 _a0-07-114491-9
041 _aeng
082 _b4871
_a658.1599
100 _aLevi, Maurice D
_91230
245 _aInternational Finance
260 _aNew Delhi
_bAcademic Faundation
300 _a586p,
650 _aManagement
_9241
942 _cBK
999 _c1689
_d1688